Name the Caribbean Island - Statistics

General Stats
  • This quiz has been taken 16 times
  • The average score is 10 of 15
Answer Stats
Hint Answer % Correct
Fidel Castro was the president of this island country Cuba
100%
Castries is the capital of this island Saint Lucia
93%
Birthplace of Usain Bolt Jamaica
86%
Southernmost Caribbean Island Trinidad
86%
An alternate name for the island of St. Christopher St. Kitts
79%
The largest island of the Netherlands Antilles Curaçao
71%
This island holds the D.R. and Haiti Hispaniola
71%
The dual volcanic tragedies of 1902 occurred on these two islands Martinique, St. Vincent
71%
This British overseas territory is known for its numerous black sand beaches Montserrat
71%
This island, a territory of the United States is famous for its caves, forts, rainforest, and beaches Puerto Rico
64%
Many major scenes of The Pirates of the Caribbean was filmed in this jungle island Dominica
57%
Ichirouganaim was the old name for this island Barbados
50%
The most populated Cayman Island Grand Cayman
50%
The Bahamas's most populous island New Providence Island
14%
The "Hurricane Capital of the Caribbean" Abaco
7%
No matching quizzes found
Score Distribution
Percent of People with Each Score
Percentile by Number Answered
Your Score History
You have not taken this quiz